Tilastot visalle Salomonsaaret-visa

Klikkaa tästä pelataksesi tätä visaa!

Yleistilastot

  • Tätä visaa on pelattu 152 kertaa
  • Keskiarvotulos 11 / 17

Vastaustilastot

VihjeVastaus% Oikein
Virallinen kieliEnglanti
96%
Valtio, josta Salomonsaaret itsenäistyi 1978Yhdistynyt kuningaskunta
92%
Vuonna 1942 Salomonsaaret vallannut valtioJapani
87%
Lähimmät valtiotPapua-Uusi-Guinea
83%
ValuuttaDollari
78%
Lähimmät valtiotVanuatu
78%
PääkaupunkiHoniara
67%
Suosituin urheilulajiRugby league
66%
Meri maan länsipuolellaSalomonmeri
66%
Ulkomaalaiset eivät saa omistaa tätä SalomonsaarillaMaata
65%
Oseanian pienempi maantieteellinen osa-alue, johon Salomonsaaret kuuluuMelanesia
64%
Meri maan eteläpuolellaKorallimeri
50%
Suurin saariGuadalcanal
41%
Näitä käytettiin valuuttana ennen eurooppalaisten tuloaSimpukankuoret
34%
Toisessa maailmansodassa pahoin vaurioitunut entinen pääkaupunkiTulagi
31%
Nguzu Nguzut olivat perinteisiä salomonsaarelaisia...Keulakuvia
30%
Puhutuin kieliPijin
27%

Tulosjakauma

Persentiili vastausten määrän mukaan

Jokaisen tuloksen saaneiden osuus

Tuloshistoriasi

Et ole pelannut tätä visaa